Vplyv SPP a makroekonomického vývoja na užívanie poľnohodpodárskej pôdy v EÚ

Dopad Spoločnej poľnohospodárskej politiky (SPP) a makroekonomického vývoja na užívanie pôdy v Európskej únii. Projekcie do roku 2030 sa uskutočnili pomocou dynamického modelu parciálnej rovnováhy. Hodnotili sa tri scenáre: východiskový scenár, makro scenár a scenár zmeny SPP. Výsledky ukazujú, že r...

Celý popis

Uložené v:
Podrobná bibliografia
Hlavný autor: Ciaian, Pavel
Médium: Kapitola
Jazyk:English
Predmet:
Tagy: Pridať tag
Žiadne tagy, Buďte prvý, kto otaguje tento záznam!

MARC

LEADER 00000naa$a2200000$$$4500
001 0069982
005 20231128141430.8
041 0 |a eng 
044 |a CZ 
245 1 0 |a Vplyv SPP a makroekonomického vývoja na užívanie poľnohodpodárskej pôdy v EÚ  |c Pavel Ciaian 
520 |a Dopad Spoločnej poľnohospodárskej politiky (SPP) a makroekonomického vývoja na užívanie pôdy v Európskej únii. Projekcie do roku 2030 sa uskutočnili pomocou dynamického modelu parciálnej rovnováhy. Hodnotili sa tri scenáre: východiskový scenár, makro scenár a scenár zmeny SPP. Výsledky ukazujú, že rast ekonomiky má silnejší vplyv na zmeny v užívaní pôdy než SPP. Väčšie zmeny sú na úrovni jednotlivých komodít než na agregátnej úrovni pre celkovú poľnohospodársku pôdu, ornú pôdu, trvalé lúky a pasienky a trvalé porasty. 
610 2 0 |a politika poľnohospodárska 
610 2 0 |a pôda 
610 2 0 |a makroekonomika 
610 2 0 |a vývoj 
610 2 0 |a Európska únia 
100 1 |a Ciaian, Pavel